Statistics for Find Countries from Periodic Symbol - 3

Click here to take the quiz!

General Stats

  • This quiz has been taken 86 times
    (80 since last reset)
  • The average score is 54 of 72

Answer Stats

HintAnswer% Correct
BORON - Symbol is?Bo
99%
ARGON - Symbol is?Ar
93%
EINSTEINIUM - Symbol is?Es
93%
INDIUM - Symbol is?In
93%
Country 1India
93%
LITHIUM - Symbol is?Li
93%
POLONIUM - Symbol is?Po
93%
Country 1Poland
93%
VANADIUM - Symbol is?V
93%
CERIUM - Symbol is?Ce
91%
RUTHENIUM - Symbol is?Ru
91%
THORIUM - Symbol is?Th
91%
URANIUM - Symbol is?U
91%
ALUMINIUM - Symbol is?Al
90%
COBALT - Symbol is?Co
90%
ERBIUM - Symbol is?Er
90%
Country 1Estonia
90%
FLUORINE - Symbol is?F
90%
OXYGEN - Symbol is?O
90%
SELENIUM - Symbol is?Se
90%
SILICON - Symbol is?Si
88%
Country 1Argentina
87%
Country 2Indonesia
87%
LUTETIUM - Symbol is?Lu
87%
Country 3Venezuela
87%
Country 1Oman
85%
Country 3France
84%
Country 4United Kingdom
84%
Country 6Uruguay
82%
Country 2Armenia
81%
Country 1Bolivia
81%
Country 4Lithuania
81%
Country 1Russia
81%
Country 4Vietnam
81%
COPPER - Symbol is?Cu
79%
Country 2Finland
79%
PROTACTINIUM - Symbol is?Pa
79%
Country 5United States of America
79%
Country 2Ukraine
78%
Country 1Colombia
76%
Country 1Albania
75%
Country 2Algeria
75%
Country 1Vanuatu
75%
Country 3 Botswana
71%
Country 1Eritrea
71%
Country 1Senegal
71%
Country 1Thailand
71%
Country 1Uganda
71%
Country 1Luxembourg
69%
Country 1Fiji
68%
Country 1Liberia
68%
Country 2Libya
68%
Country 3Panama
68%
Country 7Uzbekistan
68%
Country 5Paraguay
66%
Country 2Portugal
66%
Country 3United Arab Emirate
66%
Country 2Vatican
66%
Country 1Cuba
62%
Country 3Liechtenstein
59%
Country 2Bosnia Herzegovina
57%
Country 2Palau
57%
Country 1Pakistan
56%
Country 4Papua New Guinea
53%
Country 2Serbia
51%
Country 2Singapore
50%
Country 3Costa Rica
49%
Country 3Seychelles
49%
Country 2Comoros
46%
Country 2Eswatini
44%
Country 1Sierra Leone
40%
Country 1Central African Republic
32%

Score Distribution

Percentile by Number Answered

Percent of People with Each Score

Your Score History

You have not taken this quiz since the last reset